000 00476nam a2200169Ia 4500
003 GCL
008 140319s9999 xx 000 0 eng d
040 _aGCL /
_cGCL
082 0 4 _a004.16
_bR M
100 1 _aROBERTSON, DOUGLAS F.
245 1 0 _aMICROCOMPUTER APPLICATIONS AND PROGRAMMING /
_cROBERTSON, DOUGLAS F.
700 1 _aROBERTSON, DONALD R.
260 _a[S.N] :
_bDRYDEN ،
_c1992
650 0 4 _aAPPLICATION SOFTWARE
650 0 4 _aMICRO COMPUTERS
942 _2ddc
_cBK
999 _c16523
_d16523